Cristianos y musulmanes: 1031-1157
Gardado en:
| Autor Principal: | |
|---|---|
| Formato: | Libro |
| Idioma: | Lingua castelá |
| Publicado: |
Barcelona, España
Crítica
1992
|
| Series: | Historia de España,
6 |
| Subjects: | |
| Tags: |
Engadir etiqueta
Sen Etiquetas, Sexa o primeiro en etiquetar este rexistro!
|
MARC
| LEADER | 00000nam a2200000 a 4500 | ||
|---|---|---|---|
| 001 | UCL4862 | ||
| 003 | CL-VaPUC | ||
| 005 | 20220222074029.0 | ||
| 008 | 040227e19920000SP |||||||||||||||||spa|d | ||
| 999 | |c 307619 |d 307617 | ||
| 020 | |a 8474235553 | ||
| 040 | |c Pontificia Universidad Católica de Valparaíso | ||
| 082 | 0 | 4 | |a 946.02 REI 1992 |2 21 |
| 100 | 0 | |a Reilly, Bernard F |e author |9 482550 | |
| 245 | 1 | 0 | |a Cristianos y musulmanes: |b 1031-1157 |
| 260 | |a Barcelona, España |b Crítica |c 1992 | ||
| 300 | |a 300 páginas | ||
| 490 | 0 | |a Historia de España, |v 6 | |
| 583 | |a last modification |c 20040227 00:00:00 |k Rodrigo Vera | ||
| 650 | 0 | |a Historia de España |9 315435 | |
| 650 | 0 | |a Inmigración |z ESPAÑA |9 268290 | |
| 650 | 0 | |a Musulmanes |z ESPAÑA |9 332296 | |
| 852 | |a BIBCUR | ||
| 942 | |c BK |2 ddc | ||
| 945 | |d 20040227 00:00:00 |a cmena | ||
| 952 | |0 0 |1 0 |2 ddc |4 0 |6 946_020000000000000_REI_1992 |7 0 |8 A |9 373661 |a BIBHIS |b BIBHIS |d 2019-11-21 |i 3986462 |o 946.02 REI 1992 |p 3986462 |r 2025-01-20 |t 1 |w 2019-11-21 |y BK |k HIS | ||